000 00393nam a2200145Ia 4500
005 20250121001749.0
008 240331s9999 xx 000 0 und d
082 _bTOM
_a920
100 _aTomalin, C
245 4 _aThe life and death of Mary Wollstonecraft
260 _aOntario
_bNew American Library
_c1974
300 _aXvi, 312 p .,
500 _aMary Wollstonecraft's Biography
942 _cL
999 _c3444
_d3444